A service of remembrance (Record no. 122183)
[ view plain ]
| 000 -LEADER | |
|---|---|
| fixed length control field | 00558nas a22001337a 4500 |
| 007 - PHYSICAL DESCRIPTION FIXED FIELD--GENERAL INFORMATION | |
| fixed length control field | ta |
| 008 - FIXED-LENGTH DATA ELEMENTS--GENERAL INFORMATION | |
| fixed length control field | 250625d2008 xxk||||| |||| 00| 0 eng d |
| 022 ## - ISSN | |
| ISSN | none |
| 110 ## - MAIN ENTRY--CORPORATE NAME | |
| Corporate author | Royal Institution of Chartered Surveyors |
| 9 (RLIN) | 4900 |
| 245 ## - TITLE STATEMENT | |
| Title | A service of remembrance |
| 260 ## - PUBLICATION INFORMATION | |
| Date | 1997-2008 |
| 310 ## - FREQUENCY | |
| Publication frequency | Annual |
| 500 ## - GENERAL NOTE | |
| General note | Orders of service for annual RICS service of remembrance for those surveyors who made the supreme sacrifice and a tribute to all who have suffered as a result of war, held at St Margaret's Church, Westminster Abbey. Order sheets for 1997-2008 |
| Withdrawn status | Lost status | Damaged status | Koha normalized classification for sorting | Not for loan | Home library | Current library | Shelving location | Date acquired | Total Checkouts | Full call number | Date last seen | Price effective from | Koha item type |
|---|---|---|---|---|---|---|---|---|---|---|---|---|---|
| HISTORY_OF_THE_RICS | Archives | Archives | Surveying Profession history | 25/06/2025 | HISTORY OF THE RICS | 25/06/2025 | 25/06/2025 | Reference material |